|
|
|
|
| LEADER |
00000nbm0a2200000 4500 |
| 001 |
174788 |
| 005 |
20231031164920.0 |
| 029 |
0 |
0 |
|a SU
|b 74032441
|f ТПУ
|
| 035 |
|
|
|a (RuTPU)RU\TPU\book\189536
|
| 090 |
|
|
|a 174788
|
| 100 |
|
|
|a 20100204d1976 k y0rusy50 ca
|
| 101 |
0 |
|
|a rus
|
| 102 |
|
|
|a RU
|
| 105 |
|
|
|a a p 001zy
|
| 200 |
1 |
|
|a Современные способы сушки термочувствительных материалов. Литературный обзор [Книга 2]
|e Промежуточный отчет о НИР
|e Тема: 4-8/73
|f Томский политехнический институт (ТПИ) ; руководитель В. Ф. Горбунов ; В. В. Швецов
|
| 210 |
|
|
|a Томск
|d 1976
|
| 215 |
|
|
|a 29 л.
|
| 320 |
|
|
|a Библиогр.: с. 25-28.
|
| 610 |
1 |
|
|a отчеты о НИР
|
| 610 |
1 |
|
|a литературные обзоры
|
| 610 |
1 |
|
|a термочувствительные материалы
|
| 610 |
1 |
|
|a сушка
|
| 610 |
1 |
|
|a сушилки
|
| 675 |
|
|
|a 66.047(04)
|v 3
|
| 702 |
|
1 |
|a Горбунов
|b В. Ф.
|4 673
|
| 702 |
|
1 |
|a Швецов
|b В. В.
|4 677
|
| 712 |
0 |
2 |
|a Томский политехнический институт (ТПИ)
|c (1944-1991)
|2 stltpush
|3 (RuTPU)RU\TPU\col\1123
|4 595
|
| 801 |
|
1 |
|a RU
|b 63413507
|c 20100204
|
| 942 |
|
|
|c BK
|